| 000 | 00498nam a2200169Ia 4500 | ||
|---|---|---|---|
| 008 | 240729s9999 xx 000 0 und d | ||
| 022 | _a2090-2859 | ||
| 245 | 0 | _aEmergency Medicine International | |
| 260 | _aUnited Kingdom | ||
| 260 | _bHindawi Limited | ||
| 650 | _a Internal medicine | ||
| 650 | _a Medical emergencies. Critical care. Intensive care. First aid | ||
| 650 | _aMedicine | ||
| 856 | _uhttps://doaj.org/toc/7cf4b620d7444cf6aa64ec5b597391f3 | ||
| 942 | _2ddc | ||
| 942 | _cDOAJEJ | ||
| 999 |
_c71594 _d71594 |
||
| 945 |
_a1 _bMadushi Gamage _c1 _dMadushi Gamage |
||